[Event "SLO-ch U12 Girls"]
[Site "Postojna"]
[Date "2008.02.24"]
[Round "1"]
[White "Veliscek, Iza"]
[Black "Hribar, Polona"]
[Result "1-0"]
[WhiteElo "1500"]
[BlackElo "1500"]
[PlyCount "43"]
[EventDate "2008.02.24"]
[EventType "swiss"]
[EventRounds "9"]
[EventCountry "SLO"]
[SourceTitle "EXT 2010"]
[Source "ChessBase"]
[SourceDate "2010.11.25"]
[SourceVersion "1"]
[SourceVersionDate "2010.11.25"]
[SourceQuality "1"]

1. e4 e5 2. Nf3 Nc6 3. Bc4 Nf6 4. Nc3 Bc5 5. 0-0 d6 6. h3 0-0 7. d3 h6 8. Be3 Bxe3 9. fxe3 a6 10. d4 b6 11. d5 Na5 12. Qd3 Bd7 13. b4 Nb7 14. Bxa6 Ra7 15. Bxb7 Rxb7 16. Qe2 Qe8 17. Nh4 g5 18. Rxf6 gxh4 19. Qh5 Kg7 20. Qxh6+ Kg8 21. Qg5+ Kh7 22. Rh6# 1-0

[Event "SLO-ch U10 Girls"]
[Site "Murska Sobota"]
[Date "2007.02.26"]
[Round "3"]
[White "Hribar, Polona"]
[Black "Kroselj, Lucija"]
[Result "0-1"]
[WhiteElo "1500"]
[BlackElo "1500"]
[PlyCount "64"]
[EventDate "2007.02.25"]
[EventType "swiss"]
[EventRounds "9"]
[EventCountry "SLO"]
[SourceTitle "CBM 117 Extra"]
[Source "ChessBase"]
[SourceDate "2007.05.09"]
[SourceVersion "1"]
[SourceVersionDate "2007.05.09"]
[SourceQuality "1"]

1. e4 e5 2. f3 Nf6 3. d3 Bc5 4. Nh3 Nc6 5. Be2 0-0 6. Kf1 Qe7 7. a3 Qd6 8. Bg5 Bb6 9. Bxf6 Qxf6 10. c4 Qd6 11. Qc2 Qc5 12. Ke1 Qa5+ 13. Nc3 Nd4 14. Qd2 Nxe2 15. Qxe2 Qc5 16. Ra2 Qd4 17. Nb5 Ba5+ 18. Kd1 Qc5 19. Nc3 d6 20. Na4 Qc6 21. Nc3 Bxh3 22. gxh3 Bxc3 23. bxc3 Qd7 24. Qg2 Qa4+ 25. Rc2 Qxa3 26. Ra2 Qxc3 27. Qe2 b5 28. h4 bxc4 29. dxc4 Rab8 30. h5 Rb4 31. Rc2 Qb3 32. c5 dxc5 0-1